Sports Quiz

Random Sports or NFL Quiz

NFL Team by Star Wars Helmet Quiz Stats

 Plays Quiz Updated Jul 23, 2020

Support Sporcle.
Go Orange.
Score 0/32 Timer 04:00
2,230 Plays Today
% Correct
Miami Dolphins
97.8%
Green Bay Packers
97.2%
Seattle Seahawks
96.7%
New England Patriots
96.6%
San Francisco 49ers
95.9%
Denver Broncos
95.8%
Washington Football Team
95.6%
Kansas City Chiefs
95.3%
Buffalo Bills
93.4%
New York Giants
92.6%
Minnesota Vikings
90.9%
Cincinnati Bengals
90.7%
Baltimore Ravens
89.3%
Chicago Bears
88.7%
Pittsburgh Steelers
88%
Detroit Lions
87.7%
% Correct
Las Vegas Raiders
87.1%
Dallas Cowboys
86.8%
Los Angeles Rams
86.7%
Philadelphia Eagles
86.1%
Indianapolis Colts
85.7%
Carolina Panthers
84.6%
Jacksonville Jaguars
83.6%
Atlanta Falcons
83.6%
Cleveland Browns
83.2%
Tennessee Titans
82.7%
Tampa Bay Buccaneers
80.9%
New Orleans Saints
76.9%
Houston Texans
76.9%
New York Jets
76.7%
Los Angeles Chargers
76.1%
Arizona Cardinals
75.7%

You're not logged in!

Compare scores with friends on all Sporcle quizzes.
OR
Log In

From the Vault

Images in Order: The Simpsons Intro

by lollipopfreak

We're not surprised if just seeing that logo in the clouds triggers the theme song in your head.
Remove Ads.
Support Sporcle.
Get the best of Sporcle when you Go Orange. This ad-free experience offers more features, more stats, and more fun while also helping to support Sporcle. Thank you for becoming a member.

Show Comments

Extras

Top Quizzes Today


Score Distribution

Your Account Isn't Verified!

In order to create a playlist on Sporcle, you need to verify the email address you used during registration. Go to your Sporcle Settings to finish the process.

Report this User

Report this user for behavior that violates our Community Guidelines.

Details: